| 000 | 02513cam a2200517 i 4500 | ||
|---|---|---|---|
| 001 | 200447396 | ||
| 003 | TR-AnTOB | ||
| 005 | 20251229154042.0 | ||
| 007 | ta | ||
| 008 | 030715s2003 sz a b 000 0 eng d | ||
| 020 | _a9221128830 | ||
| 035 | _a(OCoLC)52617323 | ||
| 035 | _a(TR-AnTOB)200447396 | ||
| 040 |
_aLWU _beng _erda _cLWU _dCIN _dIXA _dTR-AnTOB |
||
| 041 | 0 | _aeng | |
| 050 | 4 |
_aHD7260.5 _b.I56 2003 |
|
| 090 | _aTOBBK HD7260.5 .I56 2003 | ||
| 099 | _a363.11 ILO 2003 | ||
| 245 | 0 | 0 |
_aILO standards-related activities in the area of occupational safety and health : _ban in-depth study for discussion with a view to the elaboration of a plan of action for such activities / _cInternational Labour Office. |
| 246 | 1 | 3 | _aILO standards related activities in the area of occupational safety and health / |
| 264 | 1 |
_aGeneva : _bInternational Labour Office, _c2003. |
|
| 300 |
_aviii, 124 pages : _billustrations ; _c30 cm. + _e1 CD-ROM (4 3/4 in.) |
||
| 336 |
_atext _btxt _2rdacontent |
||
| 336 |
_astill image _bsti _2rdacontent |
||
| 337 |
_aunmediated _bn _2rdamedia |
||
| 337 |
_acomputer _bc _2rdamedia |
||
| 338 |
_avolume _bnc _2rdacarrier |
||
| 338 |
_acomputer disc _bcd _2rdacarrier |
||
| 490 | 0 |
_aReport, _x0074-6681 ; _v6 |
|
| 500 | _a"Sixth item on the agenda." | ||
| 504 | _aBIB | ||
| 538 | _aSystem requirements for accompanying computer disc: HTML browser (such as Netscape Communicator or Microsoft Internet Explorer), PDF viewer (Adobe Acrobat Reader 5.0 supplied). | ||
| 546 | _aEnglish text; accompanying disc in English, French and Spanish with title: Safety & health at work = Sécurité & santé au travail = Seguridad y salud en el trabajo. | ||
| 610 | 2 | 0 |
_aInternational Labour Organisation _vCongresses _978856 |
| 610 | 2 | 7 |
_aInternational Labour Organisation. _2fast _0http://id.worldcat.org/fast/fst00528849 _0http://id.worldcat.org/fast/528849 _978856 |
| 650 | 0 |
_aWork environment _vCongresses _934438 |
|
| 650 | 0 |
_aIndustrial safety _vCongresses _9135503 |
|
| 650 | 0 |
_aIndustrial hygiene _vCongresses _9135504 |
|
| 650 | 0 |
_aInternational labor activities _vCongresses _9135505 |
|
| 650 | 0 |
_aLabor laws and legislation, International _vCongresses _953932 |
|
| 655 | 7 |
_aConference papers and proceedings _2lcgft _0http://id.worldcat.org/fast/fst01423772 _9115100 |
|
| 710 | 2 |
_aInternational Labour Office _927101 |
|
| 711 | 2 |
_aInternational Labour Conference _n(91st : _d2003 : _cGeneva, Switzerland) _958525 |
|
| 942 |
_2z _cBK |
||
| 999 |
_c200447396 _d65608 |
||